|
|
|
|
| LEADER |
02014nam a2200541 i 4500 |
| 001 |
nkc20162778540 |
| 003 |
CZ PrNK |
| 005 |
20171211122815.0 |
| 007 |
ta |
| 008 |
160217s2016 xr ac e p 001 0 cze |
| 015 |
|
|
|a cnb002778540
|
| 020 |
|
|
|a 978-80-247-5764-3
|q (brožováno)
|
| 035 |
|
|
|a (OCoLC)946294685
|
| 040 |
|
|
|a OLA001
|b cze
|e rda
|
| 041 |
0 |
|
|a cze
|b cze
|b eng
|
| 072 |
|
7 |
|a 61
|x Lékařské vědy. Lékařství
|2 Konspekt
|9 14
|
| 072 |
|
7 |
|a 37.016
|x Učební osnovy. Vyučovací předměty. Učebnice
|2 Konspekt
|9 22
|
| 080 |
|
|
|a 61:004.7
|2 MRF
|
| 080 |
|
|
|a 61:007
|2 MRF
|
| 080 |
|
|
|a 621.39+004.7
|2 MRF
|
| 080 |
|
|
|a (075.8)
|2 MRF
|
| 100 |
1 |
|
|a Středa, Leoš,
|d 1963-2022
|7 xx0034645
|4 aut
|
| 245 |
1 |
0 |
|a eHealth a telemedicína :
|b učebnice pro vysoké školy /
|c Leoš Středa, Karel Hána
|
| 250 |
|
|
|a 1. vydání
|
| 264 |
|
1 |
|a Praha :
|b Grada Publishing,
|c 2016
|
| 300 |
|
|
|a 159 stran :
|b ilustrace, portréty ;
|c 21 cm
|
| 336 |
|
|
|a text
|b txt
|2 rdacontent
|
| 337 |
|
|
|a bez média
|b n
|2 rdamedia
|
| 338 |
|
|
|a svazek
|b nc
|2 rdacarrier
|
| 504 |
|
|
|a Obsahuje bibliografii a rejstřík
|
| 546 |
|
|
|a České a anglické resumé
|
| 650 |
0 |
7 |
|a elektronické zdravotnictví
|7 ph626806
|2 czenas
|
| 650 |
0 |
7 |
|a telemedicína
|7 ph867746
|2 czenas
|
| 650 |
0 |
7 |
|a lékařská informatika
|7 ph122500
|2 czenas
|
| 650 |
0 |
7 |
|a komunikační technologie
|7 ph121769
|2 czenas
|
| 650 |
0 |
9 |
|a eHealth
|2 eczenas
|
| 650 |
0 |
9 |
|a telemedicine
|2 eczenas
|
| 650 |
0 |
9 |
|a medical informatics
|2 eczenas
|
| 650 |
0 |
9 |
|a communication technology
|2 eczenas
|
| 655 |
|
7 |
|a učebnice vysokých škol
|7 fd133772
|2 czenas
|
| 655 |
|
9 |
|a textbooks (higher)
|2 eczenas
|
| 700 |
1 |
|
|a Hána, Karel,
|d 1970-
|7 ntka172706
|4 aut
|
| 910 |
2 |
|
|a BOA001
|b 2-1363.278
|
| 990 |
|
|
|a BK
|
| 995 |
|
|
|a 01
|
| 991 |
|
|
|b 201602
|c NOV
|
| 996 |
6 |
|
|b 2610661158
|c 2-1363.278
|l MZK
|r Sklad / do 1 hodiny
|n 5
|p p.v.
|w 001547553
|u 000010
|a 1
|e BOA001
|j MZK50
|s P
|
| 996 |
7 |
|
|b 2610664261
|c 2-1363.278
|l Vol.výběr
|r VV 0p
|n 14
|p kup
|h 61 STŘ
|w 001547553
|u 000020
|a 0
|e BOA001
|j MZK50
|s A
|